| 000 | 00000cam 2200000za 4500 |
| 001 | 9.856121 |
| 003 | CaOODSP |
| 005 | 20241203113642 |
| 007 | cr ||||||||||| |
| 008 | 180503s1995 oncb|||#o f00| 0 eng d |
| 040 | |aCaOODSP|beng |
| 041 | |aeng|bfre |
| 043 | |an-cn-nt |
| 086 | 1 |aCW69-1/89E-PDF |
| 100 | 1 |aSirois, Jacques. |
| 245 | 14|aThe colonial waterbirds of Great Slave Lake, Northwest Territories |h[electronic resource] : |ban annotated atlas / |cJ. Sirois, M.A. Fournier, M.F. Kay. |
| 260 | |aOttawa : |bCanadian Wildlife Service, |cc1995. |
| 300 | |a59 p. : |bmaps. |
| 490 | 1 |aOccasional paper ; |vno. 89 |
| 500 | |aDigitized edition from print [produced by Environment and Climate Change Canada]. |
| 504 | |aIncludes bibliographical references. |
| 520 | 3 |a"We documented the diversity, abundance, distribution, and nesting chronology of the colonial waterbirds of Great Slave Lake in 1986 -1995. We also reviewed all available historical information"--Abstract. |
| 530 | |aIssued also in print format. |
| 546 | |aIncludes abstract in French. |
| 692 | 07|2gccst|aAquatic birds |
| 692 | 07|2gccst|aPopulation distribution |
| 700 | 1 |aFournier, Michael A. |
| 700 | 1 |aKay, M. F. |
| 710 | 1 |aCanada. |bEnvironment Canada. |
| 710 | 2 |aCanadian Wildlife Service. |
| 776 | 0#|tThe colonial waterbirds of Great Slave Lake, Northwest Territories : |w(CaOODSP)9.612601 |
| 830 | #0|aOccasional paper (Canadian Wildlife Service)|vno. 89|w(CaOODSP)9.504780 |
| 856 | 40|qPDF|s4.44 MB|uhttps://publications.gc.ca/collections/collection_2018/eccc/CW69-1-89-eng.pdf |